| 000 | 01025nam a22002657a 4500 | ||
|---|---|---|---|
| 005 | 20240530110946.0 | ||
| 008 | 221114s 2021ua g b 000 0 ara d | ||
| 017 |
_a2020/8635 _bمصر. دار الكتب |
||
| 020 | _a9789773195755 | ||
| 040 |
_aEG-CaGPL _cEG-CaGPL |
||
| 082 | 0 | 4 |
_221 _a327.11 _bإ ح |
| 100 | 0 | _aايهاب خليفة | |
| 245 | 1 | 2 |
_aالحرب السيبرانية : _bالاستعداد لقيادة المعارك العسكرية فى الميدان الخامس / _cايهاب خليفة |
| 250 | _aط.1 | ||
| 260 |
_aالقاهرة : _bالعربى للنشر و التوزيع، _c2021. |
||
| 300 |
_a251 ص. ؛ _c24 سم. |
||
| 504 | _aيشتمل على ارجاعات ببليوجرافية | ||
| 650 | 0 | 7 |
_2qrmak _aجرائم ضد السلام |
| 650 | 0 | 7 |
_2qrmak _aالحرب السيبرانية |
| 650 | 0 | 7 |
_2qrmak _aالسياسة العسكرية |
| 650 | 0 | 7 |
_2qrmak _aضحايا الحروب |
| 651 | _2qrmak | ||
| 942 |
_2ddc _cBK |
||
| 999 |
_c66914 _d66914 |
||